Dịch tễ học và căn nguyên của bệnh tiêu chảy

Salvato in:
Dettagli Bibliografici
Natura: Libro
Lingua:Undetermined
Pubblicazione: Cần Thơ Xí nghiệp in Cần Thơ 1990
Soggetti:
Tags: Aggiungi Tag
Nessun Tag, puoi essere il primo ad aggiungerne! !
Thư viện lưu trữ: Trung tâm Học liệu Trường Đại học Cần Thơ
LEADER 00493nam a2200157Ia 4500
001 CTU_7346
008 210402s9999 xx 000 0 und d
082 |a 614.514 
082 |b D302 
245 0 |a Dịch tễ học và căn nguyên của bệnh tiêu chảy 
260 |a Cần Thơ 
260 |b Xí nghiệp in Cần Thơ 
260 |c 1990 
650 |a epidemiology 
904 |i Nguyễn Quang Điền, 960601 
980 |a Trung tâm Học liệu Trường Đại học Cần Thơ